000 00827nam a22002177a 4500
999 _c3349
_d3349
003 AR-CdUCM
008 190306b ||||| |||| 00| 0 spa d
040 _aMUNICIPALIDAD PROVINCIAL DEL CUSCO
_cBIBLIOTECA MUNICIPAL DEL CUSCO
082 _a869.56 /
_bAV91
100 _aAvendaño, Angel
_9875
245 _aHistorias en mesa pelada /
260 _aLima :
_bAntarki,
_c1982.
300 _a117 páginas
_c2o cm.
500 _aHistorias en mesa pelada está integrada por cuatro facciones literarias que relatan las luchas campesinas, el arrendire de la provincia de la Convención, durante los dramáticos años 1960-65.
650 _aNovela Peruana
_910636
650 _aRelatos y Testimonios
_911104
650 _aClases Sociales
_92880
650 _aCusco-La Convención
_911105
942 _2ddc
_cLIBROS
945 _araen